Cyrillic Script Languages - Statistics

General Stats
  • This quiz has been taken 165 times
  • The average score is 22 of 50
Answer Stats
Answer % Correct
Russian
98%
Serbian
93%
Belarusian
91%
Bulgarian
89%
Ukrainian
88%
Kazakh
86%
Macedonian
84%
Kyrgyz
82%
Tajik
82%
Mongolian
78%
Uzbek
78%
Turkmen
73%
Bosnian
72%
Judeo-Tat
67%
Tat
67%
Chechen
66%
Montenegrin
66%
Tatar
65%
Moldovan
54%
Bashkir
46%
Romani
44%
Chuvash
41%
Ossetian
39%
Abkhaz
38%
Mari
37%
Kalmyk
33%
Komi
33%
Udmurt
33%
Adyghe
32%
Kabardian
32%
Tuvan
32%
Rusyn
30%
Avar
29%
Kildin Sami
28%
Uyghur
26%
Altai
24%
Buryat
24%
Karakalpak
23%
Karachay-Balkar
22%
Kumyk
16%
Abaza
15%
Dargwa
15%
Khanty
15%
Nogai
15%
Mansi
14%
Lezgian
13%
Lak
12%
Tabassaran
5%
Yaghnobi
3%
Shughni
1%
No matching quizzes found
Score Distribution
Percent of People with Each Score
Percentile by Number Answered
Your Score History
You have not taken this quiz